[Event "24th ch-EUR Indiv 2024"]
[Site "Petrovac MNE"]
[Date "2024.11.09"]
[Round "2.21"]
[White "Suleymanli, Aydin"]
[Black "Fromm, Marius"]
[Result "1-0"]
[WhiteTitle "GM"]
[BlackTitle "IM"]
[WhiteElo "2632"]
[BlackElo "2452"]
[WhiteFideId "13413937"]
[BlackFideId "12993190"]
[EventDate "2024.11.08"]

1. e4 c5 2. Nf3 d6 3. Bb5+ Bd7 4. Bxd7+ Qxd7 5. c4 Nf6 6. Nc3 Nc6 7. d4 cxd4 8.
Nxd4 g6 9. f3 Bg7 10. Be3 O-O 11. O-O a6 12. Qd3 Rfc8 13. b3 b5 14. cxb5 Ne5 15.
Qd2 d5 16. Nxd5 Nxd5 17. exd5 axb5 18. Rad1 Qxd5 19. Qe2 Nc6 20. Nxb5 Qe6 21.
Rfe1 Nb4 22. Rd2 Nd5 23. Bf2 Qxe2 24. Rexe2 e6 25. g3 h5 26. Kg2 Rc1 27. f4 Ra1
28. a4 Rb1 29. Rd3 Rb8 30. Ba7 Rc8 31. Na3 Ra1 32. Nc4 Rc7 33. Bf2 Rb7 34. a5
Nc3 35. Re1 Ra2 36. Rd2 Rxd2 37. Nxd2 Rb5 38. Ra1 Ne4 39. a6 Bxa1 40. a7 Ra5 41.
Nxe4 Ra2 42. Kh1 Kf8 43. b4 Ke7 44. b5 Kd7 45. b6 1-0

[Event "24th ch-EUR Indiv 2024"]
[Site "Petrovac MNE"]
[Date "2024.11.09"]
[Round "2.22"]
[White "Schneider, Ilja"]
[Black "Yuffa, Daniil"]
[Result "0-1"]
[WhiteTitle "IM"]
[BlackTitle "GM"]
[WhiteElo "2451"]
[BlackElo "2631"]
[WhiteFideId "4663306"]
[BlackFideId "24131423"]
[EventDate "2024.11.08"]

1. d4 Nf6 2. c4 g6 3. Nf3 Bg7 4. Nc3 O-O 5. e4 d6 6. Be2 e5 7. O-O Bg4 8. dxe5
dxe5 9. Nxe5 Qxd1 10. Bxd1 Bxd1 11. Rxd1 Nxe4 12. Nxg6 hxg6 13. Nxe4 Re8 14. Ng5
Nc6 15. Be3 Bxb2 16. Rab1 Bf6 17. h4 b6 18. c5 Ne5 19. cxb6 axb6 20. Rdc1 Re7
21. Rc2 Ra4 22. g3 Nc4 23. Rb3 Nxe3 24. Rxe3 Rxe3 25. fxe3 Bxg5 26. hxg5 c5 27.
Rb2 Ra6 28. Kf2 Kf8 29. Ke2 Ke7 30. Kd3 Kd6 31. Kc4 Kc6 32. Rf2 b5+ 33. Kb3 c4+
34. Kb2 Ra7 35. a3 Kc5 36. g4 Rd7 37. e4 Re7 38. Kc3 Rxe4 39. Rxf7 Rxg4 40. Rc7+
Kb6 41. Re7 Rg3+ 0-1

[Event "24th ch-EUR Indiv 2024"]
[Site "Petrovac MNE"]
[Date "2024.11.09"]
[Round "2.23"]
[White "Levin, Guy"]
[Black "Svane, Rasmus"]
[Result "1/2-1/2"]
[WhiteTitle "IM"]
[BlackTitle "GM"]
[WhiteElo "2445"]
[BlackElo "2628"]
[WhiteFideId "2824213"]
[BlackFideId "4657101"]
[EventDate "2024.11.08"]

1. d4 Nf6 2. c4 e6 3. Nc3 Bb4 4. a3 Bxc3+ 5. bxc3 b6 6. e3 Bb7 7. f3 Nc6 8. Bd3
Na5 9. c5 bxc5 10. Qa4 c4 11. Qxa5 cxd3 12. Nh3 O-O 13. Nf2 c5 14. Qxd8 Rfxd8
15. Nxd3 cxd4 16. cxd4 Ba6 17. Nc5 Bc4 18. Bd2 Rab8 19. Rc1 Bb5 20. Ba5 Rdc8 21.
Kd2 Kf8 22. Rb1 d6 23. Nd3 Ke7 24. Rhc1 Rxc1 25. Nxc1 Nd7 26. Bc7 1/2-1/2

[Event "24th ch-EUR Indiv 2024"]
[Site "Petrovac MNE"]
[Date "2024.11.09"]
[Round "2.24"]
[White "Indjic, Aleksandar"]
[Black "Sedlak, Nikola"]
[Result "1/2-1/2"]
[WhiteTitle "GM"]
[BlackTitle "GM"]
[WhiteElo "2623"]
[BlackElo "2444"]
[WhiteFideId "911925"]
[BlackFideId "922900"]
[EventDate "2024.11.08"]

1. d4 e6 2. Nf3 Nf6 3. c4 d5 4. Nc3 h6 5. Bf4 Bd6 6. Qc1 Nc6 7. Bxd6 Qxd6 8. e3
O-O 9. c5 Qe7 10. Bb5 Bd7 11. O-O Nb4 12. Bxd7 Qxd7 13. a3 Nc6 14. b4 a6 15. Qb2
Ne4 16. Rfd1 Nxc3 17. Qxc3 b5 18. cxb6 1/2-1/2

[Event "24th ch-EUR Indiv 2024"]
[Site "Petrovac MNE"]
[Date "2024.11.09"]
[Round "2.25"]
[White "Camlar, Arda"]
[Black "Ivic, Velimir"]
[Result "1-0"]
[WhiteTitle "FM"]
[BlackTitle "GM"]
[WhiteElo "2445"]
[BlackElo "2622"]
[WhiteFideId "44576692"]
[BlackFideId "950122"]
[EventDate "2024.11.08"]

1. Nf3 Nf6 2. g3 c5 3. Bg2 Nc6 4. O-O e5 5. c4 d5 6. cxd5 Nxd5 7. Nc3 Be6 8. Ng5
Qxg5 9. Nxd5 Qd8 10. e4 Bd6 11. d3 O-O 12. Be3 Qd7 13. a3 b6 14. Qc2 Rac8 15.
Rfd1 Ne7 16. Nc3 f6 17. f4 f5 18. Rf1 Kh8 19. Rad1 Nc6 20. Qd2 Rcd8 21. Nd5 exf4
22. gxf4 Bxd5 23. exd5 Ne7 24. Bf2 Bc7 25. Bh4 Rde8 26. d4 c4 27. Bxe7 Rxe7 28.
Rde1 Bd6 29. Re5 b5 30. Rfe1 Qc7 31. Kh1 a5 32. Qc2 g6 33. Rc1 Rc8 34. Qe2 b4
35. axb4 axb4 36. h3 c3 37. bxc3 bxc3 38. Rc2 Qa7 39. Qe3 Rb7 40. Kh2 Rb2 41.
Rxc3 Rxc3 42. Qxc3 Qa2 43. Qf3 Rd2 44. Kg3 Qc2 45. Re6 Qc7 46. Rxd6 Qxd6 47. Qe3
Rb2 48. Qe5+ Qxe5 49. dxe5 Kg7 50. d6 Rd2 51. Bc6 Kf7 52. Bd7 Re2 53. Kf3 Re1
54. h4 h5 55. Kf2 Re4 56. Kf3 Re1 57. Bb5 Ke6 58. Bc4+ Kd7 59. Bf7 Rg1 60. Ke3
Rd1 61. Bxg6 Ke6 62. Bxh5 Rh1 63. Be2 Rxh4 64. Bc4+ Kd7 65. Bb5+ Ke6 66. Bc4+
Kd7 67. Bd5 Rh2 68. Kd4 Rc2 69. Bc4 Kc6 70. Bd3 Rd2 71. Ke3 Ra2 72. Bxf5 Kd5 73.
d7 Ra3+ 74. Bd3 1-0

[Event "24th ch-EUR Indiv 2024"]
[Site "Petrovac MNE"]
[Date "2024.11.09"]
[Round "2.26"]
[White "Donchenko, Alexander"]
[Black "Kilic, Eray"]
[Result "1/2-1/2"]
[WhiteTitle "GM"]
[BlackTitle "IM"]
[WhiteElo "2617"]
[BlackElo "2442"]
[WhiteFideId "24603295"]
[BlackFideId "44517173"]
[EventDate "2024.11.08"]

1. c4 e6 2. Nf3 Nf6 3. b3 d5 4. Bb2 c5 5. cxd5 exd5 6. g3 Nc6 7. Bg2 d4 8. O-O
Be7 9. Na3 O-O 10. Nc4 Be6 11. e3 Rc8 12. Nce5 dxe3 13. dxe3 Bd5 14. Bh3 Ra8 15.
Nxc6 Bxc6 16. Ne5 Bb5 17. Re1 Qc7 18. a4 Rad8 19. Qf3 Be8 20. e4 b5 21. Qc3 bxa4
22. bxa4 Rd4 23. Nf3 Rxa4 24. Nh4 Rxa1 25. Bxa1 Bd7 26. Bxd7 Qxd7 27. e5 Ne8 28.
Ng2 Qc6 29. Nf4 Nc7 30. e6 f6 31. h4 Rd8 32. Qc4 Qb5 33. Qc2 Qc6 34. Qe2 Nb5 1/2-1/2

[Event "24th ch-EUR Indiv 2024"]
[Site "Petrovac MNE"]
[Date "2024.11.09"]
[Round "2.27"]
[White "Radovanovic, Nikola"]
[Black "Demchenko, Anton"]
[Result "0-1"]
[WhiteTitle "IM"]
[BlackTitle "GM"]
[WhiteElo "2443"]
[BlackElo "2615"]
[WhiteFideId "900087"]
[BlackFideId "4160258"]
[EventDate "2024.11.08"]

1. d4 Nf6 2. c4 g6 3. Nc3 Bg7 4. e4 d6 5. Nf3 O-O 6. Bd3 Nc6 7. d5 Nb4 8. Be2 a5
9. Be3 e6 10. O-O Re8 11. dxe6 Bxe6 12. Nd4 Bd7 13. f3 d5 14. a3 dxe4 15. axb4
exf3 16. Rxf3 Ng4 17. Bf4 axb4 18. Rxa8 Qxa8 19. Ncb5 c6 20. Nc7 Qa7 21. Nxe8
Bxd4+ 22. Kf1 Bxe8 23. Qd2 c5 24. Rd3 Nf6 25. Rxd4 cxd4 26. Qxb4 Qa1+ 27. Kf2
Ne4+ 28. Kf3 Bc6 29. Bh6 Qa8 30. Qe7 Nd6+ 31. Kf2 Nf5 32. Qg5 d3 33. Bxd3 Qa7+
34. Ke2 Nxh6 35. Qxh6 Qd4 36. b4 Bxg2 37. b5 Bf1+ 38. Kxf1 Qxd3+ 0-1

[Event "24th ch-EUR Indiv 2024"]
[Site "Petrovac MNE"]
[Date "2024.11.09"]
[Round "2.28"]
[White "Bartel, Mateusz"]
[Black "Saraci, Nderim"]
[Result "1/2-1/2"]
[WhiteTitle "GM"]
[BlackTitle "IM"]
[WhiteElo "2613"]
[BlackElo "2439"]
[WhiteFideId "1112635"]
[BlackFideId "6351921"]
[EventDate "2024.11.08"]

1. e4 e5 2. Nf3 Nc6 3. Bb5 a6 4. Ba4 Nf6 5. O-O Be7 6. Bxc6 dxc6 7. d3 Nd7 8.
Nc3 O-O 9. Be3 Re8 10. Ne2 Bf8 11. Nd2 f6 12. Qe1 Bd6 13. Nc4 Nf8 14. b4 Qe7 15.
a3 Be6 16. Na5 Rab8 17. c4 c5 18. Rb1 cxb4 19. axb4 c6 20. Qc3 Rbd8 21. Rfd1 Bc8
22. b5 axb5 23. cxb5 Bc7 24. bxc6 Bxa5 25. Qxa5 bxc6 26. Qc3 Ba6 27. Ng3 Bb5 28.
Nf5 Qe6 29. f3 Ng6 30. d4 exd4 31. Nxd4 Qe5 32. Qb3+ Kh8 33. Nf5 Qc7 34. Bc5
Rxd1+ 35. Rxd1 h6 36. Nd6 Ra8 37. Qe6 Ne5 38. f4 Nd3 39. Be3 Ba6 40. e5 fxe5 41.
Nf7+ Kh7 42. f5 Rf8 43. Qg6+ Kg8 44. Nxh6+ Kh8 45. Ra1 Nf4 46. Bxf4 Qa7+ 47. Kh1
exf4 48. f6 Rxf6 49. Qe8+ Kh7 50. Ng4 Rf5 51. h3 Qb6 52. Qe4 Bc8 53. Rc1 c5 54.
Ne5 Qe6 55. Rxc5 Bb7 56. Qb1 Ba8 57. Ra5 f3 58. Nxf3 Be4 59. Rxf5 Bxb1 60. Ng5+
Kh6 61. Nxe6 Bxf5 62. Nd4 Be4 63. Kh2 Kg5 64. Kg3 Bd5 65. h4+ Kf6 66. Nf3 Kf5
67. Ng5 Bc6 68. Kh3 Bd7 69. g3 Bc8 70. Kg2 Bb7+ 71. Kf2 Bd5 72. Nf3 Kg4 73. Nh2+
Kh5 74. Nf3 Bxf3 75. Kxf3 g5 76. hxg5 Kxg5 77. g4 Kg6 78. Kf4 Kf6 79. g5+ Kg6
80. Kg4 Kg7 81. Kf5 Kf7 82. g6+ Kg7 83. Kg5 Kg8 84. Kf6 Kf8 85. g7+ Kg8 86. Kg6 1/2-1/2

[Event "24th ch-EUR Indiv 2024"]
[Site "Petrovac MNE"]
[Date "2024.11.09"]
[Round "2.29"]
[White "Gretarsson, Helgi Ass"]
[Black "Hovhannisyan, Robert"]
[Result "0-1"]
[WhiteTitle "GM"]
[BlackTitle "GM"]
[WhiteElo "2441"]
[BlackElo "2613"]
[WhiteFideId "2300699"]
[BlackFideId "13302507"]
[EventDate "2024.11.08"]

1. d4 Nf6 2. c4 e6 3. Nf3 d5 4. Nc3 Nbd7 5. Bf4 Bb4 6. cxd5 Nxd5 7. Bd2 N5f6 8.
Qc2 b6 9. e4 Bb7 10. e5 Nd5 11. a3 Be7 12. Rd1 Rc8 13. Nxd5 Bxd5 14. Ba6 Rb8 15.
O-O h6 16. Bc3 O-O 17. Qe2 Re8 18. Nd2 Nf8 19. Bd3 c5 20. dxc5 Ng6 21. g3 Bxc5
22. Bb5 Qg5 23. Ne4 Qf5 24. Bd3 Nxe5 25. Nf6+ Qxf6 26. Bxe5 Qf3 27. Qxf3 Bxf3
28. Bxb8 Bxd1 29. Rxd1 Rxb8 30. Bb5 a5 31. Rd7 g6 32. Kf1 Kg7 33. Ke2 Kf6 34. a4
g5 35. h3 h5 36. b3 g4 37. h4 Rc8 38. Bc4 Rh8 39. Bb5 Rh6 40. Rd3 Rg6 41. Bc6
Kg7 42. Be4 Rf6 43. f4 gxf3+ 44. Bxf3 Rf5 45. Kf1 Bb4 46. Kg2 Rc5 47. Bd1 b5 48.
axb5 Rxb5 49. Rd7 Rc5 50. Rd3 Kg6 51. Rd8 Bc3 52. Bc2+ Kh6 53. Bd1 Be5 54. Rd3
Kg6 55. Rd8 Rc3 56. Rd3 Rc8 57. Kf2 Rh8 58. Rd7 Rg8 59. Rd3 f5 60. Kg2 Rh8 61.
Re3 Kf6 62. Rd3 Bb8 63. Rc3 Bd6 64. Rd3 Ke7 65. Be2 Be5 66. Bd1 Bc7 67. Rc3 Bb8
68. Rd3 Ba7 69. Be2 Bc5 70. Bd1 Kf6 71. Be2 Ke5 72. Rc3 Bd6 73. Re3+ Kf6 74. Rd3
Be5 75. Bd1 Rh7 76. Be2 Bc7 77. Rc3 Bd6 78. Rc6 Ke7 79. Ra6 Rh6 80. Ra7+ Kf6 81.
Ra6 Bc7 82. Ra7 Be5 83. Rd7 Bc3 84. Kf2 Rh8 85. Bc4 Bb4 86. Be2 e5 87. Bc4 e4
88. Ke3 Rc8 89. Kf4 a4 90. Rf7+ Kg6 91. Be6 Bd6+ 92. Ke3 Re8 93. Bd5 a3 94. b4
Bxg3 95. Ra7 f4+ 96. Ke2 Re5 97. Bc6 Bxh4 98. Rxa3 Be7 99. Be8+ Kg5 100. Ra5
Rxa5 101. bxa5 Bc5 102. Bc6 f3+ 103. Kf1 Kf4 0-1

[Event "24th ch-EUR Indiv 2024"]
[Site "Petrovac MNE"]
[Date "2024.11.09"]
[Round "2.30"]
[White "Petrosyan, Manuel"]
[Black "Garcia Ramos, Daniel"]
[Result "1/2-1/2"]
[WhiteTitle "GM"]
[BlackTitle "IM"]
[WhiteElo "2612"]
[BlackElo "2437"]
[WhiteFideId "13300857"]
[BlackFideId "32010311"]
[EventDate "2024.11.08"]

1. e4 c6 2. Nf3 d5 3. Nc3 dxe4 4. Nxe4 Nf6 5. Qe2 Nxe4 6. Qxe4 Qa5 7. b4 Qd5 8.
Qe3 a5 9. bxa5 Rxa5 10. Be2 Nd7 11. c4 Qd6 12. Bb2 Nf6 13. O-O g6 14. Bc3 Ra3
15. Qb6 Ra6 16. Qb2 Ra8 17. Be5 Qd8 18. d4 Bg7 19. Rfd1 O-O 20. a4 Nh5 21. h3
Bxe5 22. Nxe5 Nf4 23. Bf3 Qd6 24. Qd2 Qf6 25. Qe3 Ra5 26. Kh2 h5 27. c5 Rd8 28.
Be4 Kg7 29. Nc4 Ra7 30. a5 Ne6 31. Nb6 Ng5 32. Bc2 Bf5 33. Bxf5 Qxf5 34. d5 cxd5
35. Qxe7 Ne6 36. Kg1 d4 37. c6 Qf6 38. Qxf6+ Kxf6 39. cxb7 Rxb7 40. Rdb1 Ra7 41.
Kf1 d3 42. Nc4 Rc8 43. Ne3 Kg7 44. Rd1 Rc5 1/2-1/2

[Event "24th ch-EUR Indiv 2024"]
[Site "Petrovac MNE"]
[Date "2024.11.09"]
[Round "2.31"]
[White "Patrelakis, Evaggelos"]
[Black "Theodorou, Nikolas"]
[Result "0-1"]
[WhiteTitle "IM"]
[BlackTitle "GM"]
[WhiteElo "2437"]
[BlackElo "2612"]
[WhiteFideId "4295102"]
[BlackFideId "4262875"]
[EventDate "2024.11.08"]

1. e4 e5 2. Nf3 Nf6 3. d4 exd4 4. e5 Ne4 5. Qxd4 d5 6. exd6 Nxd6 7. Nc3 Nc6 8.
Qf4 h6 9. h4 Nf5 10. Bd2 Bd6 11. Qe4+ Nfe7 12. Nb5 Bf5 13. Qa4 a6 14. Nxd6+ Qxd6
15. O-O-O Rd8 16. Be2 b5 17. Qb3 O-O 18. Bg5 Qg6 19. Bxe7 Nxe7 20. g3 Qb6 21.
Rxd8 Rxd8 22. Rd1 Rxd1+ 23. Bxd1 Qxf2 24. Qa3 Nd5 25. Qxa6 Ne3 26. Qxb5 Bg4 27.
Qe8+ Kh7 28. Qe4+ f5 29. Qe8 Bxf3 30. h5 Bd5 31. Qg6+ Kh8 32. Qe8+ Bg8 33. b3
Qe1 34. Qd8 Qc3 35. Kb1 Nxd1 36. Qxd1 Qxg3 37. a4 f4 38. a5 f3 39. a6 f2 40. a7
Qg1 0-1

[Event "24th ch-EUR Indiv 2024"]
[Site "Petrovac MNE"]
[Date "2024.11.09"]
[Round "2.32"]
[White "Dardha, Daniel"]
[Black "Peyrer, Konstantin"]
[Result "1-0"]
[WhiteTitle "GM"]
[BlackTitle "IM"]
[WhiteElo "2606"]
[BlackElo "2437"]
[WhiteFideId "240990"]
[BlackFideId "1640879"]
[EventDate "2024.11.08"]

1. d4 Nf6 2. c4 e6 3. Nc3 d5 4. cxd5 exd5 5. Bg5 Bb4 6. e3 h6 7. Bh4 g5 8. Bg3
Ne4 9. Ne2 h5 10. h4 Nxg3 11. Nxg3 gxh4 12. Nxh5 c6 13. g3 hxg3 14. Qf3 Kf8 15.
Bh3 g2 16. Qxg2 Rg8 17. Qf3 Bxh3 18. Qxh3 Qd7 19. Qh4 Be7 20. Nf6 Bxf6 21. Qxf6
Qe7 22. Qh6+ Ke8 23. O-O-O Nd7 24. e4 Qg5+ 25. Qxg5 Rxg5 26. exd5 cxd5 27. Rde1+
Kf8 28. Nxd5 Rc8+ 29. Kd2 Rc6 30. Ne3 Rd6 31. Kc3 Nf6 32. Rh8+ Kg7 33. Rh4 a5
34. Kd3 Nd5 35. Reh1 Nxe3 36. fxe3 Rg2 37. Rh7+ Kf8 38. Rf1 Rd7 39. Rf5 a4 40.
Rb5 a3 41. bxa3 Rxa2 42. Rh8+ Kg7 43. Ra8 Ra1 44. Ra7 Re7 45. Rb3 Rc7 46. a4 Ra2
47. a5 Ra1 48. Ke2 Re7 49. Kf2 Ra2+ 50. Kf3 Ra1 51. Rbxb7 Rxb7 52. Rxb7 Rxa5 53.
Kf4 Kg6 54. e4 f6 55. d5 Ra1 56. Ke3 Rd1 57. Rd7 f5 58. Rd6+ Kg5 59. e5 Re1+ 60.
Kd4 Re4+ 61. Kc5 Rxe5 62. Re6 Re4 63. Rxe4 fxe4 64. d6 1-0

[Event "24th ch-EUR Indiv 2024"]
[Site "Petrovac MNE"]
[Date "2024.11.09"]
[Round "2.33"]
[White "Bryakin, Mikhail"]
[Black "Lagarde, Maxime"]
[Result "1/2-1/2"]
[WhiteTitle "GM"]
[BlackTitle "GM"]
[WhiteElo "2435"]
[BlackElo "2606"]
[WhiteFideId "4165314"]
[BlackFideId "662399"]
[EventDate "2024.11.08"]

1. d4 Nf6 2. c4 e6 3. Nf3 b6 4. g3 Ba6 5. b3 Bb4+ 6. Bd2 Be7 7. Bg2 O-O 8. O-O
d5 9. Ne5 Bb7 10. Bc3 c5 11. Nd2 Nbd7 12. e3 Qc7 13. Nxd7 Qxd7 14. Rc1 Rac8 15.
dxc5 bxc5 16. cxd5 exd5 17. Bxf6 Bxf6 18. e4 Rfd8 19. exd5 Bxd5 20. Nc4 Bd4 21.
Bxd5 Qxd5 22. Re1 h5 23. Ne3 Bxe3 24. fxe3 Qe5 25. Qe2 Rd6 26. Rc4 Rcd8 27. Rf1
Rd3 28. Qf3 Qxe3+ 29. Qxe3 Rxe3 30. Rxc5 Re2 31. Rf2 Rd1+ 32. Kg2 Rxf2+ 33. Kxf2
Rd2+ 34. Kg1 Rxa2 35. Rxh5 g6 36. Rh4 Rb2 37. Ra4 Rxb3 38. Rxa7 1/2-1/2

[Event "24th ch-EUR Indiv 2024"]
[Site "Petrovac MNE"]
[Date "2024.11.09"]
[Round "2.34"]
[White "Chigaev, Maksim"]
[Black "Druska, Juraj"]
[Result "1-0"]
[WhiteTitle "GM"]
[BlackTitle "IM"]
[WhiteElo "2605"]
[BlackElo "2433"]
[WhiteFideId "4108116"]
[BlackFideId "14915650"]
[EventDate "2024.11.08"]

1. e4 e6 2. d4 d5 3. Nc3 Nf6 4. e5 Nfd7 5. f4 c5 6. Nf3 Be7 7. Be3 O-O 8. dxc5
Nxc5 9. Qd2 a6 10. O-O-O Nbd7 11. h4 b5 12. Bd3 b4 13. Ne2 a5 14. Ned4 Nxd3+ 15.
cxd3 Ba6 16. Kb1 Rc8 17. f5 Nc5 18. Qe2 b3 19. f6 Ne4 20. fxe7 Qxe7 21. axb3 a4
22. Qe1 axb3 23. Nxb3 Nc3+ 24. bxc3 Qa3 25. Nfd4 Rc7 26. Qd2 Ra8 27. Qb2 Qa4 28.
Kc2 Rac8 29. Ra1 Qb4 30. Rxa6 Rxc3+ 31. Kb1 Qb7 32. Ra3 Rxd3 33. Nc5 1-0

[Event "24th ch-EUR Indiv 2024"]
[Site "Petrovac MNE"]
[Date "2024.11.09"]
[Round "2.35"]
[White "Petrovskyi, Vadym"]
[Black "Fressinet, Laurent"]
[Result "1/2-1/2"]
[WhiteTitle "IM"]
[BlackTitle "GM"]
[WhiteElo "2433"]
[BlackElo "2605"]
[WhiteFideId "14165210"]
[BlackFideId "608742"]
[EventDate "2024.11.08"]

1. e4 e5 2. Nf3 Nc6 3. Bb5 a6 4. Ba4 Nf6 5. Nc3 Bc5 6. Bxc6 dxc6 7. Nxe5 Bxf2+
8. Kxf2 Qd4+ 9. Ke1 Qxe5 10. d3 Bg4 11. Qd2 Qe7 12. Rf1 Be6 13. Qg5 Rg8 14. Be3
h6 15. Qc5 Qd6 16. Qxd6 cxd6 17. Ne2 d5 18. exd5 Nxd5 19. Bd2 O-O-O 20. Nf4 Nxf4
21. Bxf4 g5 22. Be3 f5 23. Kf2 f4 24. Bb6 Rd5 25. Rae1 Kd7 26. b4 Rf5 27. Re4
Rg6 28. a4 h5 29. Rd4+ Rd5 30. g3 fxg3+ 31. hxg3 h4 32. gxh4 Rxd4 33. Bxd4 gxh4
34. Rg1 Rh6 35. Rg7+ Ke8 36. Rxb7 h3 37. Rb8+ Kd7 38. Rh8 1/2-1/2

[Event "24th ch-EUR Indiv 2024"]
[Site "Petrovac MNE"]
[Date "2024.11.09"]
[Round "2.36"]
[White "Erdogmus, Yagiz Kaan"]
[Black "Juhasz, Agoston"]
[Result "1-0"]
[WhiteTitle "GM"]
[BlackTitle "IM"]
[WhiteElo "2604"]
[BlackElo "2432"]
[WhiteFideId "44599790"]
[BlackFideId "778346"]
[EventDate "2024.11.08"]

1. e4 c5 2. Nf3 d6 3. Bb5+ Bd7 4. Bxd7+ Qxd7 5. c4 Nf6 6. Nc3 Nc6 7. O-O g6 8.
d4 cxd4 9. Nxd4 Bg7 10. Nc2 O-O 11. Qe2 a6 12. b3 b5 13. cxb5 axb5 14. Bb2 b4
15. Na4 Qb7 16. f3 Nd7 17. Bxg7 Kxg7 18. Ne3 Nb6 19. Nxb6 Qxb6 20. Kh1 Rfc8 21.
Nd5 Qd8 22. Qb2+ f6 23. Rac1 e6 24. Nf4 Kf7 25. Qd2 Ra5 26. Nd3 Rb5 27. Rc2 Ne7
28. Nxb4 Qa5 29. Nd3 Qxd2 30. Rxd2 d5 31. Nf2 Rbc5 32. Rfd1 f5 33. Kg1 Rc3 34.
Kf1 Kf6 35. Ke2 g5 36. Rd3 Rc2+ 37. R3d2 R2c3 38. b4 Ng6 39. exf5 Kxf5 40. Ng4
Nf4+ 41. Kf2 h5 42. Ne3+ Ke5 43. Nf1 Ra3 44. g3 Ng6 45. Re2+ Kf6 46. Rde1 e5 47.
b5 e4 48. fxe4 Ne5 49. Rd1 Nd3+ 50. Kg2 dxe4 51. Nd2 Nc1 52. Nxe4+ Ke5 53. Ree1
Rxa2+ 54. Kf1 Ne2 55. Rd2 1-0

[Event "24th ch-EUR Indiv 2024"]
[Site "Petrovac MNE"]
[Date "2024.11.09"]
[Round "2.37"]
[White "Culum, Sanjin"]
[Black "Pultinevicius, Paulius"]
[Result "1-0"]
[WhiteTitle "FM"]
[BlackTitle "GM"]
[WhiteElo "2432"]
[BlackElo "2599"]
[WhiteFideId "14420937"]
[BlackFideId "12809390"]
[EventDate "2024.11.08"]

1. e4 c5 2. Nf3 e6 3. d4 cxd4 4. Nxd4 Nc6 5. Nc3 d6 6. g4 Nge7 7. Nb3 a6 8. Be3
b5 9. f4 Bb7 10. Qe2 Na5 11. O-O-O Nc4 12. Kb1 Rc8 13. Bg2 Qc7 14. Bc1 g6 15.
Nd4 Bg7 16. f5 Nc6 17. Ndxb5 axb5 18. Nxb5 Qb6 19. Qxc4 Nd4 20. Qb4 Nxb5 21. a4
O-O 22. Qxb5 Qc7 23. Rd2 Rb8 24. Qd3 Ba6 25. Qe3 Rb4 26. b3 Rxa4 27. Bb2 Rb8 28.
f6 Bh8 29. bxa4 Bxf6 30. c3 Qa5 31. Bf1 Bg5 32. Qd4 Bxd2 33. Qxd2 Qxa4 34. Bd3
Bc4 35. Bxc4 Qxc4 36. Re1 Qc5 37. Qd4 Qa3 38. Re2 Qa6 39. Rf2 Rc8 40. h3 Rc4 41.
Qd3 Qc6 42. Re2 Qc5 43. Rd2 Qc6 44. Qxd6 Qxe4+ 45. Qd3 Qc6 46. g5 h5 47. Rf2 Qc8
48. Qf3 Qd7 49. Kc1 Qa7 50. Kb1 e5 51. Qf6 Re4 52. Rf1 Qd7 53. Kc1 Qa7 54. Rd1
Kh7 55. Kb1 Re2 56. Rf1 Kg8 57. Qd8+ Kg7 58. Qd3 Rf2 59. Rxf2 Qxf2 60. c4 Qg1+
61. Bc1 h4 62. Qe3 Qh2 63. c5 1-0

[Event "24th ch-EUR Indiv 2024"]
[Site "Petrovac MNE"]
[Date "2024.11.09"]
[Round "2.38"]
[White "Celik, Hasan Huseyin"]
[Black "Safarli, Eltaj"]
[Result "1/2-1/2"]
[WhiteTitle "IM"]
[BlackTitle "GM"]
[WhiteElo "2431"]
[BlackElo "2596"]
[WhiteFideId "44506759"]
[BlackFideId "13402129"]
[EventDate "2024.11.08"]

1. d4 Nf6 2. c4 e6 3. Nf3 a6 4. Nc3 Bb4 5. Bd2 O-O 6. Rc1 d5 7. e3 dxc4 8. Bxc4
b5 9. Bd3 Bb7 10. Ne4 Bxd2+ 11. Nexd2 Nbd7 12. O-O Rc8 13. Nb3 c5 14. Nxc5 Nxc5
15. dxc5 Bxf3 16. gxf3 Qd5 17. Bb1 Qg5+ 18. Kh1 Rxc5 19. f4 Qd5+ 20. Qxd5 Rxd5
21. Rfd1 Rxd1+ 22. Rxd1 Rc8 23. Kg2 Kf8 24. Bd3 Ke7 25. Kf3 Rc5 26. h3 g6 27. a3
Ne8 28. Ra1 Rd5 29. Ke2 Rh5 30. a4 Nc7 31. axb5 axb5 32. Rh1 Nd5 33. Be4 Nb6 34.
b4 Nc4 35. Bf3 Rh4 36. Bc6 Nd6 37. Ra1 Kf6 38. Rd1 Ke7 39. Ra1 Kf6 40. Rd1 1/2-1/2

[Event "24th ch-EUR Indiv 2024"]
[Site "Petrovac MNE"]
[Date "2024.11.09"]
[Round "2.39"]
[White "Petrov, Nikita"]
[Black "Manafov, Vugar"]
[Result "1-0"]
[WhiteTitle "GM"]
[BlackTitle "IM"]
[WhiteElo "2590"]
[BlackElo "2430"]
[WhiteFideId "4101286"]
[BlackFideId "13410814"]
[EventDate "2024.11.08"]

1. e4 c5 2. Nf3 e6 3. d4 cxd4 4. Nxd4 a6 5. Bd3 g6 6. Be3 Bg7 7. Nc3 Qc7 8. Qd2
Nc6 9. Be2 Nge7 10. O-O-O b5 11. Nxc6 Nxc6 12. Bc5 Qa5 13. Qe3 Rb8 14. Kb1 Bxc3
15. bxc3 b4 16. c4 f6 17. h4 h6 18. f4 Kf7 19. h5 g5 20. fxg5 hxg5 21. Rhf1 Kg7
22. Rxf6 1-0

[Event "24th ch-EUR Indiv 2024"]
[Site "Petrovac MNE"]
[Date "2024.11.09"]
[Round "2.40"]
[White "Kalogeris, Ioannis"]
[Black "Jobava, Baadur"]
[Result "1-0"]
[WhiteTitle "IM"]
[BlackTitle "GM"]
[WhiteElo "2431"]
[BlackElo "2587"]
[WhiteFideId "4239563"]
[BlackFideId "13601520"]
[EventDate "2024.11.08"]

1. e4 e5 2. Nf3 Nf6 3. Nxe5 d6 4. Nf3 Nxe4 5. d4 d5 6. Bd3 Nd6 7. O-O Be7 8. Nc3
c6 9. Ne2 O-O 10. Ng3 Re8 11. b3 Be6 12. Ne5 Nd7 13. Re1 Nf8 14. f4 Bh4 15. Ba3
Qc7 16. f5 Bd7 17. Qh5 Bxg3 18. Bxd6 Bxh2+ 19. Kxh2 Qxd6 20. Qxf7+ Kh8 21. Qh5
Re7 22. Re3 Be8 23. Qh4 Qf6 24. Qh3 c5 25. Rae1 h6 26. dxc5 Bd7 27. Qh5 Be8 28.
Qh3 Bd7 29. b4 Rae8 30. Ng4 Rxe3 31. Rxe3 Rxe3 32. Qxe3 Qh4+ 33. Qh3 Qg5 34. Ne5
Kg8 35. Qg4 Qf6 36. Qf4 Bc8 37. g3 h5 38. Nf3 Bd7 39. Qe5 Qxe5 40. Nxe5 Be8 41.
Kh3 Nh7 42. b5 1-0

[Event "24th ch-EUR Indiv 2024"]
[Site "Petrovac MNE"]
[Date "2024.11.09"]
[Round "2.41"]
[White "Maurizzi, Marc'Andria"]
[Black "Aizenberg, Benny"]
[Result "1-0"]
[WhiteTitle "GM"]
[BlackTitle "IM"]
[WhiteElo "2585"]
[BlackElo "2427"]
[WhiteFideId "36083534"]
[BlackFideId "2821125"]
[EventDate "2024.11.08"]

1. e4 c5 2. Nf3 e6 3. d4 cxd4 4. Nxd4 Nf6 5. Nc3 Nc6 6. Nxc6 bxc6 7. e5 Nd5 8.
Ne4 Qc7 9. f4 Qb6 10. a3 f5 11. exf6 Nxf6 12. Nxf6+ gxf6 13. Qh5+ Kd8 14. Bd3
Ba6 15. Bd2 c5 16. Bc3 Bxd3 17. Bxf6+ Be7 18. Bxh8 Bxc2 19. O-O c4+ 20. Kh1 Qc6
21. Rae1 Kc7 22. Be5+ Kb7 23. Qf3 d5 24. Qg4 Bc5 25. Rc1 Be4 26. b4 cxb3 27. Bb2
Rc8 28. h3 Qd7 29. Rfe1 Rc6 30. Rc3 Bc2 31. f5 exf5 32. Qa4 Qc7 33. Qb5+ Qb6 34.
Rxc5 Rxc5 35. Re7+ Ka8 36. Qd7 Qb8 37. Re8 Qxe8 38. Qxe8+ Kb7 39. Be5 Be4 40.
Qe7+ Kc6 41. Qd6+ Kb5 42. Qd7+ Kb6 43. Bd4 b2 44. Bxc5+ Kxc5 45. Qc7+ Kd4 46.
Qg7+ Ke3 47. Qxb2 d4 48. Kg1 d3 49. Qf2# 1-0